Not Quite A Movie Title - Christmas - Statistics

General Stats
  • This quiz has been taken 1,353 times
  • The average score is 11 of 15
Answer Stats
Year Imperfect Title Correct Title % Correct
1990 Home Salon Home Alone
98%
2003 Self Elf
90%
1988 Die Soft Die Hard
87%
2004 The Summer Express The Polar Express
87%
1996 Jingle On the Way Jingle All the Way
85%
1993 The Dream Before Christmas The Nightmare Before Christmas
85%
2003 Sad Santa Bad Santa
80%
1947 Miracle on 34th Avenue Miracle on 34th Street
77%
2003 Love Really Love Actually
75%
1946 It's a Fantastic Life It's a Wonderful Life
74%
1989 National Geographic's Christmas Vacation National Lampoon's Christmas Vacation
56%
1994 The Santa Straws The Santa Clause
54%
2021 A Toy Called Christmas A Boy Called Christmas
53%
1954 Light Christmas White Christmas
53%
2004 Christmas With the Crooks Christmas With the Kranks
37%
No matching quizzes found
Score Distribution
Percent of People with Each Score
Percentile by Number Answered
Your Score History
You have not taken this quiz